| 000 | 01387nam a2200373Ia 4500 | ||
|---|---|---|---|
| 001 | ebr10440326 | ||
| 003 | CaPaEBR | ||
| 006 | m u | ||
| 007 | cr cn||||||||| | ||
| 008 | 100805s2010 enka sb 001 0 eng d | ||
| 020 | _z1849509786 (hbk.) | ||
| 020 | _z1849509794 (ebook) | ||
| 020 | _z9781849509787 (hbk.) | ||
| 020 | _z9781849509794 (ebook) | ||
| 040 |
_aCaPaEBR _cCaPaEBR |
||
| 035 | _a(OCoLC)694511490 | ||
| 050 | 1 | 4 |
_aQA76.76.I59 _bE97 2010eb |
| 082 | 0 | 4 |
_a025.84 _222 |
| 245 | 0 | 0 |
_aExploring the digital frontier _h[electronic resource] / _cAnne Woodsworth. |
| 260 |
_aBingley, UK : _bEmerald, _c2010. |
||
| 300 |
_axiv, 217 p. : _bill. |
||
| 490 | 1 |
_aAdvances in librarianship ; _vvol. 32 |
|
| 504 | _aIncludes bibliographical references and index. | ||
| 533 |
_aElectronic reproduction. _bPalo Alto, Calif. : _cebrary, _d2011. _nAvailable via World Wide Web. _nAccess may be limited to ebrary affiliated libraries. |
||
| 650 | 0 | _aDigital media. | |
| 650 | 0 | _aDigital preservation. | |
| 650 | 0 |
_aLibrary materials _xDigitization. |
|
| 650 | 0 | _aLibrary science. | |
| 655 | 7 |
_aElectronic books. _2local |
|
| 700 | 1 | _aWoodsworth, Anne. | |
| 710 | 2 | _aebrary, Inc. | |
| 830 | 0 |
_aAdvances in librarianship ; _vv. 32. |
|
| 856 | 4 | 0 |
_uhttp://site.ebrary.com/lib/rucke/Doc?id=10440326 _zAn electronic book accessible through the World Wide Web; click to view |
| 999 |
_c244804 _d244804 |
||